एक इद्रधनुष शतरंगी; (Record no. 182837)
[ view plain ]
| 000 -LEADER | |
|---|---|
| fixed length control field | 00921nam a22002057a 4500 |
| 005 - DATE AND TIME OF LATEST TRANSACTION | |
| control field | 20240412114854.0 |
| 010 ## - LCCN (DPL NO) | |
| LC control number | HIN-121319-21 |
| 020 ## - INTERNATIONAL STANDARD BOOK NUMBER | |
| International Standard Book Number | 978-1-63832-628-1 |
| Terms of availability | 160.00 |
| 035 ## - SYSTEM CONTROL NUMBER | |
| System control number | HN-93665-68 |
| 037 ## - SOURCE OF ACQUISITION | |
| Source of stock number/acquisition | DBAD/PUB |
| 082 ## - DEWEY DECIMAL CLASSIFICATION NUMBER | |
| Classification number | 821 |
| Item number | 1 |
| 100 ## - MAIN ENTRY--PERSONAL NAME | |
| Personal name | चिंतन, शुभ |
| 245 ## - TITLE STATEMENT | |
| Title | एक इद्रधनुष शतरंगी; |
| Remainder of title | सौ रंग, सौकविताओं मे/ |
| Statement of responsibility, etc | शुभ चिंतन |
| 250 ## - EDITION STATEMENT | |
| Edition statement | 2021 |
| 260 ## - PUBLICATION, DISTRIBUTION, ETC. (IMPRINT) | |
| Place of publication, distribution, etc | तमिलनाडु |
| Name of publisher, distributor, etc | नोटिशन प्रेस |
| Date of publication, distribution, etc | 2021 |
| 270 ## - ADDRESS | |
| Address | नं-8, 3 क्रॉस गली सीइटी कॉलोनी,म्यलापोरे चेन्नई |
| City | तमिलनाडु |
| Postal code | 600004 |
| 300 ## - PHYSICAL DESCRIPTION | |
| Extent | 156पृ. |
| Dimensions | 21(अजिल्द) |
| Other physical details | परिचय, पुस्तक का परिचय, |
| 700 ## - ADDED ENTRY--PERSONAL NAME | |
| Personal name | |
| 9 (RLIN) | 61348 |
| 942 ## - ADDED ENTRY ELEMENTS (KOHA) | |
| Source of classification or shelving scheme | Dewey Decimal Classification |
| Item type | Hindi Books |
| Classification part | 821 |
| Call number suffix | शुभचिं |
| Withdrawn status | Lost status | Not for loan | Collection code | Home library | Current library | Date acquired | Source of acquisition | Cost, normal purchase price | Full call number | Barcode | Copy number | Cost, replacement price | Koha item type |
|---|---|---|---|---|---|---|---|---|---|---|---|---|---|
| Non-fiction | Bawana | Bawana | 07/12/2021 | DBAD/PUB | 160.00 | 821 शुभचिं | HN-93665 | 1 | 160.00 | Hindi Books | |||
| Non-fiction | Peshwa Road | Peshwa Road | 08/12/2021 | DBAD/PUB | 160.00 | 820 शुभचिं | HN-93667 | 3 | 160.00 | Hindi Books | |||
| Non-fiction | Peshwa Road | Peshwa Road | 08/12/2021 | DBAD/PUB | 160.00 | 820 शुभचिं | HN-93668 | 4 | 160.00 | Hindi Books | |||
| Non-fiction | Sarojini Nagar | Sarojini Nagar | 08/12/2021 | DBAD/PUB | 160.00 | 820 शुभचिं | HN-93666 | 2 | 160.00 | Hindi Books |
